Munkanélküliség, munkaaktivitás és munkavállalási díj hajlandóság a Makói Kistérségben, 2006

Elmentve itt :
Bibliográfiai részletek
Szerző: Rácz Attila
Dokumentumtípus: Könyv része
Megjelent: 2007
Sorozat:Településszociológiai tanulmányok
Város és vidéke
Kulcsszavak:Településszociológia - Makó, Munkanélküliség - Magyarország - regionális, Foglalkoztatottság - Magyarország - regionális
Tárgyszavak:
Online Access:http://acta.bibl.u-szeged.hu/62077
LEADER 00942naa a2200229 i 4500
001 acta62077
005 20230922221919.0
008 190926s2007 hu o 0|| hun d
020 |a 978-963-9573-32-1 
022 |a 1789-3798 
040 |a SZTE Egyetemi Kiadványok Repozitórium  |b hun 
041 |a hun 
100 1 |a Rácz Attila 
245 1 0 |a Munkanélküliség, munkaaktivitás és munkavállalási díj hajlandóság a Makói Kistérségben, 2006  |h [elektronikus dokumentum] /  |c  Rácz Attila 
260 |c 2007 
300 |a 200-223 
490 0 |a Településszociológiai tanulmányok 
490 0 |a Város és vidéke 
650 4 |a Társadalomtudományok 
650 4 |a Szociológia 
695 |a Településszociológia - Makó, Munkanélküliség - Magyarország - regionális, Foglalkoztatottság - Magyarország - regionális 
856 4 0 |u http://acta.bibl.u-szeged.hu/62077/1/telepulesszociologiai_tanulmanyok_001_200-223.pdf  |z Dokumentum-elérés